000 00564nam a22001937a 4500
005 20180704161518.0
010 _aB-192469
020 _a9788177581898
035 _aB-192469
037 _bPearson Education
082 _a302.35
100 _aRobbins, Stephens P.
245 _aOrganisational Behavior/
_cby Stephens P. Robbins [and] Seema Sanghi
260 _aNew Delhi
_bPearson Education
_c2006
300 _a622p.
_c28cm(Pbk)
700 _aSanghi, Seema
942 _2ddc
_cEN
_h302.35
_mROB
999 _c153383
_d153383